| Tag |
First Indicator |
Second Indicator |
Subfields |
| LEADER |
00000cam a2200000 4500 |
| 001 |
in00001956921 |
| 006 |
m | d | |
| 007 |
cr |n||||||||n |
| 008 |
780428s1745 enk|||| s 00||||eng d |
| 005 |
20260403172457.0 |
| 035 |
|
|
|a (CStRLIN)ESTCT6641
|
| 040 |
|
|
|a Uk-ES
|c Uk-ES
|d CStRLIN
|d Thomson Gale
|d UtOrBLW
|
| 100 |
1 |
|
|a Penkethman, John.
|
| 240 |
1 |
0 |
|a Artachthos
|
| 245 |
1 |
0 |
|a Authentic accounts of the history and price of wheat, bread, malt, &c from the coming in of William the Conqueror, to Michaelmas 1745 :
|b And also a true relation or collection of the most remarkable dearths and famines, ...
|
| 264 |
|
3 |
|a London :
|b printed for R. Davis,
|c 1745.
|
| 300 |
|
|
|a 10 unnumbered pages, 3, 5 unnumbered pages, 25-79, 1 unnumbered page, plates ;
|c 4⁰.
|
| 336 |
|
|
|a text
|b txt
|2 rdacontent
|
| 337 |
|
|
|a computer
|b c
|2 rdamedia
|
| 338 |
|
|
|a online resource
|b cr
|2 rdacarrier
|
| 500 |
|
|
|a Earlier editions were entitled 'Artachthos'.
|
| 500 |
|
|
|a Dedication signed: John Penkethman.
|
| 500 |
|
|
|a Reproduction of original from the British Library.
|
| 510 |
4 |
|
|a English Short Title Catalog,
|c ESTCT6641.
|
| 533 |
|
|
|a Electronic reproduction.
|b Farmington Hills, Mich. :
|c Thomson Gale,
|d 2003.
|n Available via the World Wide Web.
|n Access limited by licensing agreements
|7 s2003 miunns
|
| 500 |
|
|
|a Electronic resource.
|
| 830 |
|
0 |
|a Eighteenth century collections online.
|
| 856 |
4 |
0 |
|u http://proxy.library.tamu.edu/login?url=https://galenet.galegroup.com/servlet/ECCO?c=1&stp=Author&ste=11&af=BN&ae=T006641&tiPG=1&dd=0&dc=flc&docNum=CW117762937&vrsn=1.0&srchtp=a&d4=0.33&n=10&SU=0LRF&locID=txshracd2898
|z Full text online
|t 0
|
| 999 |
|
|
|a MARS
|
| 999 |
f |
f |
|s e20a4d14-c3ab-3637-99ef-48a8c966ba0b
|i c76ea5da-00d6-3910-8cb7-e667c13393d4
|t 0
|
| 952 |
f |
f |
|a Texas A&M University
|b College Station
|c Electronic Resources
|s www_evans
|d Available Online
|t 0
|h No information provided
|
| 998 |
f |
f |
|t 0
|l Available Online
|